Подробности
| 000 -МАРКЕР |
| контрольное поле |
03165nam0a2200493 4500 |
| 001 - ИДЕНТИФИКАТОР ЗАПИСИ |
| контрольное поле |
RU\NLR\BIBL_A\012717641 |
| 005 - ИДЕНТИФИКАТОР ВЕРСИИ |
| контрольное поле |
20251121161328.0 |
| 010 ## - МЕЖДУНАРОДНЫЙ СТАНДАРТНЫЙ НОМЕР КНИГИ (ISBN) |
| Номер (ISBN) |
978-5-0054-0187-8 |
| Тираж |
1500 |
| 021 ## - НОМЕР ГОСУДАРСТВЕННОЙ РЕГИСТРАЦИИ |
| Код страны |
Российская Федерация |
| Номер |
КН-П-21-071505 |
| Номер Листа государственной регистраци |
КН-П-21-5668 |
| 035 ## - ДРУГИЕ СИСТЕМНЫЕ НОМЕРА |
| Идентификатор записи |
(NLR Aleph) 012717641 |
| 035 ## - ДРУГИЕ СИСТЕМНЫЕ НОМЕРА |
| Идентификатор записи |
(RuMoRGB)010839164 |
| 100 ## - ДАННЫЕ ОБЩЕЙ ОБРАБОТКИ |
| Данные общей обработки |
20220228d2022 u y0rusy50 ca |
| 101 0# - ЯЗЫК РЕСУРСА |
| Язык текста, звукозаписи и т.д. |
русский |
| 102 ## - СТРАНА ПУБЛИКАЦИИ ИЛИ ПРОИЗВОДСТВА |
| Страна публикации |
Российская Федерация |
| 105 ## - ПОЛЕ КОДИРОВАННЫХ ДАННЫХ: ТЕКСТОВЫЕ МАТЕРИАЛЫ, МОНОГРАФИЧЕСКИЕ |
| Кодированные данные о монографическом текстовом документе |
a j 000zy |
| 181 #0 - ПОЛЕ КОДИРОВАННЫХ ДАННЫХ: ВИД СОДЕРЖАНИЯ |
| Код вида содержания (ISBD) |
i3 |
| Код характеристики содержания (ISBD) |
axxe |
| 182 #0 - ПОЛЕ КОДИРОВАННЫХ ДАННЫХ: ТИП СРЕДСТВА |
| Код типа средства (ISBD) |
n - непосредственное |
| 200 1# - ЗАГЛАВИЕ И СВЕДЕНИЯ ОБ ОТВЕТСТВЕННОСТИ |
| Основное заглавие |
Физическая защита информации в объектах информационной инфраструктуры |
| Сведения, относящиеся к заглавию |
учебник |
| -- |
для студентов, обучающихся по специальностям укрупненной группы профессий, специальностей среднего профессионального образования "Информационная безопасность" |
| Первые сведения об ответственности |
В. Н. Пржегорлинский, А. А. Бубнов, К. Ю. Фомина |
| Последующие сведения об ответственности |
под редакцией В. Н. Пржегорлинского |
| 203 ## - ВИД СОДЕРЖАНИЯ И ТИП СРЕДСТВА |
| Вид содержания |
Текст |
| Дополнительные сведения об издании |
визуальный |
| Тип средства |
непосредственный |
| 210 ## - ПУБЛИКАЦИЯ, РАСПРОСТРАНЕНИЕ И ДР. |
| Место издания, распространения и т.д. |
Москва |
| Имя издателя, распространителя и т. д. |
Академия |
| Дата издания, распространения и т.д. |
2022 [т. е. 2021] |
| 215 ## - ФИЗИЧЕСКАЯ ХАРАКТЕРИСТИКА |
| Специфическое обозначение материала и объем |
187, [1] с. |
| Другие сведения о физической характеристике |
ил., цв. ил., табл. |
| Размеры |
22 |
| 225 1# - СЕРИЯ |
| Основное заглавие серии |
Профессиональное образование |
| 225 1# - СЕРИЯ |
| Основное заглавие серии |
ТОП 50 |
| 300 ## - ОБЩИЕ ПРИМЕЧАНИЯ |
| Текст примечания |
Фактическая дата выхода в свет - 2021 |
| 320 ## - ПРИМЕЧАНИЯ О НАЛИЧИИ В ДОКУМЕНТЕ БИБЛИОГРАФИИ / УКАЗАТЕЛЯ |
| Текст примечания |
Библиогр.: с. 185 (13 назв.) |
| 333 ## - ПРИМЕЧАНИЯ ОБ ОСОБЕННОСТЯХ РАСПРОСТРАНЕНИЯ И ИСПОЛЬЗОВАНИЯ |
| Текст примечания |
12+ |
| 606 1# - НАИМЕНОВАНИЕ ТЕМЫ КАК ПРЕДМЕТ |
| Наименование темы |
Информационная инфраструктура |
| Формальный подзаголовок |
Учебники для среднего профессионального образования |
| Тематический подзаголовок |
Защита информации |
| Системный номер авторитетной/нормативной записи |
2534836 |
| Идентификатор авторитетной/нормативной записи |
RU\NLR\AUTH\6601714809 |
| 606 1# - НАИМЕНОВАНИЕ ТЕМЫ КАК ПРЕДМЕТ |
| Наименование темы |
Охранная сигнализация |
| Формальный подзаголовок |
Учебники для среднего профессионального образования |
| Системный номер авторитетной/нормативной записи |
2226695 |
| Идентификатор авторитетной/нормативной записи |
RU\NLR\AUTH\661336699 |
| 606 1# - НАИМЕНОВАНИЕ ТЕМЫ КАК ПРЕДМЕТ |
| Наименование темы |
Системы контроля и управления доступом |
| Формальный подзаголовок |
Учебники для среднего профессионального образования |
| Системный номер авторитетной/нормативной записи |
2216891 |
| Идентификатор авторитетной/нормативной записи |
RU\NLR\AUTH\6601564860 |
| 606 1# - НАИМЕНОВАНИЕ ТЕМЫ КАК ПРЕДМЕТ |
| Наименование темы |
Пожарная сигнализация |
| Формальный подзаголовок |
Учебники для среднего профессионального образования |
| Системный номер авторитетной/нормативной записи |
1132843 |
| Идентификатор авторитетной/нормативной записи |
RU\NLR\AUTH\66450068 |
| 675 ## - УНИВЕРСАЛЬНАЯ ДЕСЯТИЧНАЯ КЛАССИФИКАЦИЯ (UDC/УДК) |
| Индекс |
004.056 |
| Издание |
4 |
| 686 ## - ИНДЕКСЫ ДРУГИХ КЛАССИФИКАЦИЙ |
| Индекс |
З973.233-021.3я723-1 |
| Код системы |
|
| 686 ## - ИНДЕКСЫ ДРУГИХ КЛАССИФИКАЦИЙ |
| Индекс |
З885я73-1 |
| Код системы |
|
| 686 1# - ИНДЕКСЫ ДРУГИХ КЛАССИФИКАЦИЙ |
| Индекс |
З973.233.02-018-07я73-1 |
| 686 1# - ИНДЕКСЫ ДРУГИХ КЛАССИФИКАЦИЙ |
| Индекс |
З885.24-5я73-1 |
| 686 1# - ИНДЕКСЫ ДРУГИХ КЛАССИФИКАЦИЙ |
| Индекс |
Н960.2-571я73-1 |
| 700 #1 - ИМЯ ЛИЦА - ПЕРВИЧНАЯ ОТВЕТСТВЕННОСТЬ |
| Начальный элемент ввода |
Пржегорлинский |
| Часть имени, кроме начального элемента ввода |
В. Н. |
| Расширение инициалов личного имени |
Виктор Николаевич |
| 701 #1 - ИМЯ ЛИЦА - АЛЬТЕРНАТИВНАЯ ОТВЕТСТВЕННОСТЬ |
| Начальный элемент ввода |
Бубнов |
| Часть имени, кроме начального элемента ввода |
А. А. |
| Дополнения к именам, кроме дат |
канд. физ.-мат. наук |
| Расширение инициалов личного имени |
Алексей Алексеевич |
| Системный номер авторитетной/нормативной записи |
179966 |
| Идентификатор авторитетной/нормативной записи |
RU\NLR\AUTH\770180017 |
| 701 #1 - ИМЯ ЛИЦА - АЛЬТЕРНАТИВНАЯ ОТВЕТСТВЕННОСТЬ |
| Начальный элемент ввода |
Фомина |
| Часть имени, кроме начального элемента ввода |
К. Ю. |
| Дополнения к именам, кроме дат |
специалист по информац. безопасности |
| Расширение инициалов личного имени |
Ксения Юрьевна |
| Системный номер авторитетной/нормативной записи |
212886 |
| Идентификатор авторитетной/нормативной записи |
RU\NLR\AUTH\770212942 |
| 942 ## - ДОПОЛНИТЕЛЬНЫЕ ЭЛЕМЕНТЫ ЗАПИСИ (АБИС) |
| Тип экземпляра АБИС |
Книга |
| 980 ## - КОЛЛЕКЦИЯ |
| Название коллекции |
Национальная библиография |